Estudio del comportamiento de los esquemas de modulación digital en LTE usando Matlab®

Presenta el avance en el campo de las telecomunicaciones ha permitido crear dispositivos móviles cada vez más sofisticados y capaces de proporcionar una amplia gama de aplicaciones, con lo cual la aceptación y penetración de la telefonía móvil a nivel mundial es más que evidente, convirtiénd...

Full description

Bibliographic Details
Main Author: Aubert Cárcamo, Javier Ricardo
Other Authors: Tutor: Arias Olivas, Marvin René
Format: Tesis Section = Libro
Language:Undetermined
Spanish
Published: Managua UNI 2016
Subjects:
LEADER 01415nam a2200277Ia 4500
008 240830s9999 xx 000 0 und d
040 |a BIBLIOTECA-RUSB/ Mon 621.382 A889 
041 |a spa 
082 |a Mon 621.382 A889 
100 1 |a Aubert Cárcamo, Javier Ricardo 
245 1 0 |a Estudio del comportamiento de los esquemas de modulación digital en LTE usando Matlab® 
260 |a Managua  |b UNI  |c 2016 
300 |a 57 p. :il. 
500 |a Contiene: anexos e Incluye: CD. 
502 |a Tesis (Ingeniero Electrónico) - UNI, 2016. 
520 3 |a Presenta el avance en el campo de las telecomunicaciones ha permitido crear dispositivos móviles cada vez más sofisticados y capaces de proporcionar una amplia gama de aplicaciones, con lo cual la aceptación y penetración de la telefonía móvil a nivel mundial es más que evidente, convirtiéndose el teléfono celular en un dispositivo indispensable en la vida cotidiana del mundo actual. El trabajo pretende realizar el análisis del comportamiento de los esquemas de modulación digital usados en las redes LTE. 
650 7 |a SISTEMAS DE TELECOMUNICACIONES 
650 7 |b  SISTEMAS DE COMUNICACIONES DIGITALES 
650 7 |c  PROCESAMIENTOS DIGITALES 
650 7 |d  TECNICAS DIGITALES 
650 7 |e  MATLAB 
650 7 |f  MODULACION DIGITAL 
700 1 |a Tutor:  |b Arias Olivas, Marvin René 
942 |c BK  |2 ddc 
991 |a TESIS 
999 |c 20256